01328 a2200181 45000010006000000050017000060080041000230030015000640400040000790800058001192450085001770200018002622640034002803000019003145050759003331000024010927000030011165678220260407155831.0260407a2004 arg spa dAR-UNSa-BCEJYS aAR-UNSa-BCEJYSbspacAR-UNSa-BCEJYS a330.567.28xEconomía y Finanzas de los particulares10aNino Rico, Niño Listopcomo dar a us hijos una educación financiera sólida a950-511-997-6 1aBuenos Aires :bAguilarc2004 a411 p.c24 cm. a1. Todos los niños nacen – 2. ¿Es su hijo un genio? – 3. De poder a sus hijos – 4.Si usted desea ser rico, debe hacer su tarea – 5. ¿Cuántas formulas ganadoras necesitara su hijo? – 6. ¿Sera obsoleto su hijo al cumplir 30 años de edad? – 7. ¿Podrá retirarse su hijo antes de cumplir 30 años de edad? – 8. Mi banquero nunca me ha pedido mi boleta de calificaciones – 9. Los niños aprenden jugando – 10.Porque los ahorradores son perdedores – 11. La diferencia entre la deuda buena y la mala – 12.Aprender con dinero real – 13.Otras formas su incrementar el coeficiente intelectual financiero de su hijo – 15. ¿Cómo descubrir el genio natural de su hijo? – 16. El éxito de la libertad de ser quien usted es.1 aKiyosaki, Robert T.1 aLechter C.P.A., Sharon L.